Score 0/18 Timer 10:00
0 Plays Today
% Correct
Master Hand and Crazy Hand
94.4%
Andross
91.7%
Andross
88.9%
Andross
86.1%
Bongo Bongo
77.8%
Eyerok
69.4%
Bouldergeist
69.4%
DJ Octavio
69.4%
Tiki Tong
61.1%
% Correct
Wham Bam Rock
58.3%
Rudy
58.3%
Wham Bam Jewel
50%
Magolor
50%
Gohdan
47.2%
Knucklotec
33.3%
Ramrock
30.6%
Andrew Oikonny
30.6%
Zoda
25%
Remove Ads.
Support Sporcle.
Get the best of Sporcle when you Go Orange. This ad-free experience offers more features, more stats, and more fun while also helping to support Sporcle. Thank you for becoming a member.

You're not logged in!

Compare scores with friends on all Sporcle quizzes.
OR
Log In

Sporcle TV

Today on Sporcle TV


Watch our educational content, quiz creation guides, and fun videos on Sporcle TV.

Show Comments

Extras

Top Quizzes Today


Score Distribution

Paid Content

Your Account Isn't Verified!

In order to create a playlist on Sporcle, you need to verify the email address you used during registration. Go to your Sporcle Settings to finish the process.

Report this User

Report this user for behavior that violates our Community Guidelines.

Details: